[Event "Subang Jaya op 12th"]
[Site "Subang Jaya"]
[Date "2024.01.27"]
[Round "2"]
[White "Poovendtiran, Thamil Chelvan"]
[Black "Lim, Zhi Ting"]
[Result "0-1"]
[WhiteElo "1395"]
[BlackElo "1213"]
[PlyCount "140"]
[EventDate "2024.01.27"]
[EventType "swiss"]
[EventRounds "8"]
[EventCountry "MAS"]
[SourceTitle "CB06_2024"]
[SourceDate "2024.02.07"]
[SourceVersion "1"]
[SourceVersionDate "2024.02.07"]
[SourceQuality "1"]

1. d4 d5 2. c4 e6 3. Nc3 Nf6 4. cxd5 exd5 5. Bg5 Be7 6. e3 c6 7. Nf3 h6 8. Bf4 Nbd7 9. Bd3 Nf8 10. h3 Ne6 11. Bh2 Bd6 12. Ne5 Ng5 13. 0-0 0-0 14. f4 Nge4 15. Bxe4 Nxe4 16. Nxe4 dxe4 17. Qe2 f5 18. Qc4+ Kh7 19. Rad1 Qe7 20. Qe2 Be6 21. b3 Rad8 22. Bg3 Rc8 23. Qh5 Qe8 24. Qe2 Bc7 25. Bh4 Rg8 26. Be1 Qe7 27. Qh5 g6 28. Qe2 g5 29. fxg5 Qxg5 30. Rf4 Qg7 31. Qb2 Rcd8 32. Bh4 Bxe5 33. Bxd8 Bxf4 34. exf4 Rxd8 35. Qf2 b6 36. Rd2 Qe7 37. Qe3 c5 38. dxc5 Rxd2 39. Qxd2 Qxc5+ 40. Kh2 Qd5 41. Qb4 Qc5 42. Qa4 b5 43. Qa6 Qb6 44. Qa3 e3 45. Qe7+ Kg6 46. h4 Bf7 47. h5+ Kg7 48. Qe5+ Kg8 49. Qxf5 Qe6 50. Qxb5 e2 51. Qb8+ Kg7 52. f5 Qxf5 53. Qg3+ Kf6 54. Qd6+ Qe6 55. Qf4+ Ke7 56. Qc7+ Kf8 57. Qb8+ Ke7 58. Qc7+ Kf6 59. Qf4+ Qf5 60. Qxh6+ Ke5 61. Qe3+ Qe4 62. Qc5+ Bd5 63. Qc3+ Kf5 64. Qh3+ Kg5 65. Qg3+ Kxh5 66. Qh3+ Qh4 67. g3 Qxh3+ 68. Kxh3 e1Q 69. g4+ Kg5 70. Kh2 Qf2+ 0-1